| 000 | 00491nam a2200169 i 4500 | ||
|---|---|---|---|
| 001 | 96656 | ||
| 003 | ES-MaACL | ||
| 005 | 20230906181944.0 | ||
| 007 | t| | ||
| 008 | 050629s1971 sp ||||1| spa d | ||
| 100 | 1 |
_aManegat, Julio. _975966 |
|
| 245 | 1 | 0 |
_aMaiz para otras gallinas _b: novela / _cJulio Manegat. |
| 260 |
_aBarcelona : _bPlaneta, _c1971. |
||
| 300 |
_a391 p., 3 h. ; _c19 cm. |
||
| 500 | _aV Premio "Inmortal Ciudad de Gerona" 1971. | ||
| 852 |
_aES-MaACL _jC-41186 _bR.80224 |
||
| 999 |
_c96656 _d96656 |
||